Представление документа в формате RUSMARC

ПолеНазваниеЗначение
  Тип записи a
  Библиографический уровень m
001 Контрольный номер 6eaf495e68d94af7be84dd03828a3039
005 Дата корректировки 20140609101518.0
101 Язык документа 0_
a Язык текста rus
102 Страна публикации __
a Страна публикации RU
200 Заглавие и сведения об ответственности 1_
a Заглавие Стратегия развития кооперации в России
e Сведения, относящиеся к заглавию Междунар. науч.-практ. конференция, 24 нояб. 2009 г.: [в рамках ежегодных Чаяновских чтений, навстречу 100-летию РУК]
f Первые сведения об ответственности АНО ВПО ЦС РФ РУК
210 Выходные данные 1_
c Издательство РУК
a Место издания М.
d Дата издания 2009
215 Физическое описание __
a Объем 499, [1] с.
610 Ключевые слова 0_
a Ключевые слова международная конференция
610 Ключевые слова 0_
a Ключевые слова кооперация
610 Ключевые слова 0_
a Ключевые слова потребительская кооперация
686 Индексы других классификаций __
a Классификационный индекс 65.9(2)08я431
2 Код системы rubbk
686 Индексы других классификаций __
a Классификационный индекс 65.9(2)421.8я431
2 Код системы rubbk
711 Наименование организации. (Альтернативная ответственность) 02
a Организация/ юрисдикция АНО ВПО ЦС РФ РУК
801 Источник записи _0
a Страна RU
b Организация РУК
c Дата составления 20100126
g Правила каталогизации PSBO
801 Источник записи _1
a Страна RU
b Организация РУК
c Дата составления 20100126
g Правила каталогизации PSBO
852 Данные о местонахождении __
i Авторский знак С 83
j Шифр хранения ББК 65.9(2)08
901 Тип документа __
t Тип документа m
912 Принадлежность преподавателя к РУК __
a Принадлежность преподавателя к РУК Преподаватель Головного вуза
938 Служебная информация __
a Название организации Головной вуз
b Имя БД BOOK
c Название АИБС АИБС ИРБИС